[Event "4NCL/Div4/OXF2 vs. GREN"]
[Site "West Bromwich ENG"]
[Date "2004.05.29"]
[Round "7.1"]
[White "Milovanovics, Aleksander"]
[Black "Richards, John E"]
[Result "1/2-1/2"]
[WhiteElo "2000"]
[BlackElo "2035"]
[PlyCount "81"]
[EventDate "2004.05.29"]

1. Nf3 Nf6 2. d4 g6 3. Bg5 Bg7 4. Nbd2 d5 5. e3 O-O 6. Bd3 c5 7. c3 Qb6 8. Rb1
Nc6 9. O-O Re8 10. b4 cxd4 11. cxd4 a5 12. bxa5 Qxa5 13. Nb3 Qc7 14. Bf4 Qd8
15. Nc1 Nh5 16. Bg5 Qd6 17. Rb6 Qc7 18. Rb5 Ra5 19. Qb3 Rxb5 20. Bxb5 e6 21.
Nd3 Bd7 22. Rc1 h6 23. Bh4 g5 24. Bg3 Nxg3 25. hxg3 Qb6 26. Bxc6 Qxb3 27. axb3
Bxc6 28. Nfe5 Rb8 29. b4 Bf8 30. f4 Bb5 31. fxg5 hxg5 32. Nc5 Rc8 33. Ra1 b6
34. Ncd7 Bxd7 35. Nxd7 Bxb4 36. Nxb6 Rc3 37. Kf2 Rb3 38. Nd7 Kg7 39. Ra2 Bc3
40. Rc2 g4 41. Ne5 1/2-1/2

[Event "4NCL/Div4/OXF2 vs. GREN"]
[Site "West Bromwich ENG"]
[Date "2004.05.29"]
[Round "7.2"]
[White "Hardy, Roger"]
[Black "Duggan, Chris"]
[Result "0-1"]
[WhiteElo "2022"]
[BlackElo "1848"]
[PlyCount "80"]
[EventDate "2004.05.29"]

1. e4 c5 2. Nf3 Nc6 3. Bb5 d6 4. O-O Nf6 5. Re1 Bd7 6. c3 a6 7. Bf1 e5 8. h3 g6
9. a4 Bh6 10. d3 Bxc1 11. Qxc1 h6 12. Nbd2 b5 13. axb5 axb5 14. Rxa8 Qxa8 15.
b3 Qb7 16. b4 cxb4 17. cxb4 O-O 18. d4 Kh7 19. dxe5 Nxe5 20. Nxe5 dxe5 21. Qb2
Re8 22. Nf3 Qb8 23. Bd3 Bc6 24. Nd2 Qd6 25. Bb1 Nd7 26. Qb3 Kg7 27. Rd1 Ra8 28.
Ba2 Qe7 29. Rc1 Rc8 30. Nf1 Bd5 31. exd5 Rxc1 32. d6 Qf6 33. Qd5 Rc2 34. f3 Nb6
35. Qxb5 Qxd6 36. Bb3 Rb2 37. Qc5 Qxc5+ 38. bxc5 Rxb3 39. cxb6 Rxb6 40. Ne3 f5
0-1

[Event "4NCL/Div4/OXF2 vs. GREN"]
[Site "West Bromwich ENG"]
[Date "2004.05.29"]
[Round "7.3"]
[White "Bruce, Dave"]
[Black "Osborne, David"]
[Result "0-1"]
[WhiteElo "1920"]
[BlackElo "1864"]
[PlyCount "120"]
[EventDate "2004.05.29"]

1. e4 c5 2. Nf3 e6 3. d4 cxd4 4. Nxd4 a6 5. Bd3 Nf6 6. O-O d6 7. Nc3 b5 8. a3
Bb7 9. Be3 Nbd7 10. f4 Be7 11. Qe2 O-O 12. Kh1 Re8 13. Rf3 Bf8 14. Rh3 g6 15.
Nf3 Ng4 16. Bd2 f5 17. e5 Qb6 18. Rf1 d5 19. Nd1 Nc5 20. Be3 Nxe3 21. Qxe3 a5
22. Qf2 b4 23. Qh4 Re7 24. Ng5 Qc7 25. Nf2 bxa3 26. bxa3 Ne4 27. Nfxe4 dxe4 28.
Nxe6 Rxe6 29. Bc4 Rae8 30. Rb1 h6 31. Bxe6+ Rxe6 32. Rhb3 Bc8 33. Qf2 Bc5 34.
Qe2 Rb6 35. Rxb6 Bxb6 36. Qb5 Ba7 37. Rd1 Kf7 38. Qd5+ Be6 39. Qa8 Qb8 40. Qc6
Qc8 41. Qd6 e3 42. Qd3 Bc4 43. Qc3 e2 44. Re1 Qc5 45. h3 Bb6 46. e6+ Bxe6 47.
Qxc5 Bxc5 48. Rxe2 Bxa3 49. Re5 Bb4 50. Rb5 Bd7 51. Rb7 Ke7 52. Rb6 Bd6 53. c4
a4 54. g3 a3 55. Ra6 Be6 56. Ra7+ Kd8 57. Ra6 Kd7 58. Ra4 Kc6 59. Kg2 Kb6 60.
Kf3 Bd7 0-1

[Event "4NCL/Div4/OXF2 vs. GREN"]
[Site "West Bromwich ENG"]
[Date "2004.05.29"]
[Round "7.4"]
[White "Egginton, David C"]
[Black "Terry, Sean"]
[Result "0-1"]
[WhiteElo "1912"]
[BlackElo "1896"]
[PlyCount "96"]
[EventDate "2004.05.29"]

1. c4 e5 2. g3 Nc6 3. Bg2 d6 4. Nc3 g6 5. e4 Bg7 6. d3 Nge7 7. Nge2 O-O 8. O-O
Kh8 9. Be3 Be6 10. Qd2 Qd7 11. Rac1 a6 12. Nd5 Ng8 13. b4 Bxd5 14. exd5 Nce7
15. f4 Nf5 16. Bf2 h5 17. h3 Ngh6 18. fxe5 dxe5 19. Kh2 Kh7 20. Nc3 f6 21. Ne4
Nf7 22. Rce1 b6 23. Bg1 N7h6 24. c5 Rab8 25. Qc3 h4 26. g4 Ng3 27. Rf3 Nxe4 28.
dxe4 f5 29. g5 Nf7 30. Qd2 f4 31. Qf2 Nxg5 32. Qxh4+ Bh6 33. Rd3 f3 34. Be3 Qd8
35. Bxg5 Qxg5 36. Qxg5 Bxg5 37. Bxf3 bxc5 38. bxc5 Rb2+ 39. Kg3 Rxa2 40. d6
cxd6 41. cxd6 Rf4 42. Re2 Bh4+ 43. Kg2 Rxe2+ 44. Bxe2 Rf2+ 45. Kg1 Rxe2 46. d7
Bd8 47. Rd6 a5 48. Re6 Rxe4 0-1

[Event "4NCL/Div4/OXF2 vs. GREN"]
[Site "West Bromwich ENG"]
[Date "2004.05.29"]
[Round "7.5"]
[White "Burt, Will"]
[Black "Furnevall, Mark"]
[Result "1-0"]
[WhiteElo "1928"]
[BlackElo "1736"]
[PlyCount "57"]
[EventDate "2004.05.29"]

1. e4 d6 2. Nc3 Nf6 3. d4 g6 4. Be2 Bg7 5. Be3 c6 6. f3 Qa5 7. Qd2 Nbd7 8. a4
O-O 9. Nh3 c5 10. O-O cxd4 11. Bxd4 a6 12. Rfd1 Qc7 13. Nf4 Re8 14. Ncd5 Qc6
15. Bb5 axb5 16. axb5 Rxa1 17. bxc6 Rxd1+ 18. Qxd1 bxc6 19. Nc7 Rf8 20. Bc3 Nc5
21. Qa1 Bd7 22. b4 Nb7 23. Na8 e5 24. Nb6 Be8 25. Nd3 Bh6 26. Kf2 Nd8 27. Nc8
Nb7 28. Ne7+ Kh8 29. Nxe5 1-0

[Event "4NCL/Div4/OXF2 vs. GREN"]
[Site "West Bromwich ENG"]
[Date "2004.05.29"]
[Round "7.6"]
[White "Butterworth, Paul"]
[Black "Henbest, Kevin B"]
[Result "1-0"]
[WhiteElo "1608"]
[BlackElo "1520"]
[PlyCount "56"]
[EventDate "2004.05.29"]

1. e4 c5 2. Nf3 Nc6 3. d4 cxd4 4. Nxd4 g6 5. Nxc6 bxc6 6. Qd4 Nf6 7. e5 Nh5 8.
e6 Bg7 9. exf7+ Kxf7 10. Qc4+ e6 11. Be2 Nf6 12. Bg5 Qb6 13. Nd2 Qxb2 14. O-O
Nd5 15. Rab1 Qe5 16. Nf3 Qc3 17. Qe4 Qa5 18. Ne5+ Kg8 19. Nxg6 hxg6 20. Qxg6
Ba6 21. c4 Nc3 22. Rb2 Qe5 23. Bh5 Rf8 24. Be7 Qxh5 25. Qxh5 Rxh5 26. Bxf8 Kxf8
27. Rc2 Bxc4 28. a3 Bxf1 1-0

[Event "4NCL/Div4/NOTT vs. MIN2"]
[Site "West Bromwich ENG"]
[Date "2004.05.29"]
[Round "7.1"]
[White "Barnes, Michael H"]
[Black "Parker, Robert"]
[Result "1-0"]
[WhiteElo "2262"]
[BlackElo "2105"]
[PlyCount "53"]
[EventDate "2004.05.29"]

1. c4 e5 2. g3 Nf6 3. Bg2 c6 4. d4 exd4 5. Qxd4 d5 6. Nc3 Be6 7. cxd5 cxd5 8.
Nf3 Nc6 9. Qa4 Bc5 10. Ne5 Rc8 11. O-O O-O 12. Bf4 Qe7 13. Rac1 Rfd8 14. Rfd1
Nxe5 15. Bxe5 Bxf2+ 16. Kxf2 Ng4+ 17. Kg1 Nxe5 18. Nxd5 Bxd5 19. Rxc8 Rxc8 20.
Bxd5 b6 21. Kg2 g6 22. Qd4 Rc2 23. Rd2 Rc1 24. e4 Qg5 25. Rf2 Rc7 26. Bb3 Kg7
27. h4 1-0

[Event "4NCL/Div4/NOTT vs. MIN2"]
[Site "West Bromwich ENG"]
[Date "2004.05.29"]
[Round "7.2"]
[White "Hardman, Michael J"]
[Black "Mercs, Peter J"]
[Result "1/2-1/2"]
[WhiteElo "2107"]
[BlackElo "2121"]
[PlyCount "59"]
[EventDate "2004.05.29"]

1. d4 Nf6 2. Nf3 e6 3. g3 c5 4. Bg2 cxd4 5. Nxd4 Be7 6. O-O d6 7. c4 O-O 8. Nc3
a6 9. b3 Qc7 10. Bb2 Nc6 11. Nc2 Rb8 12. Rc1 Bd7 13. e4 Rfc8 14. Qe2 Qa5 15. a3
b5 16. b4 Qb6 17. cxb5 axb5 18. Rfd1 Ne5 19. Ne3 Bc6 20. Rc2 Nfd7 21. Rdc1 Qd8
22. Ncd1 Qb6 23. Qd2 Bb7 24. Rxc8+ Rxc8 25. Rxc8+ Bxc8 26. Bd4 Qc6 27. Qc3 Bb7
28. f4 Qxc3 29. Bxc3 Nc6 30. Nf2 1/2-1/2

[Event "4NCL/Div4/NOTT vs. MIN2"]
[Site "West Bromwich ENG"]
[Date "2004.05.29"]
[Round "7.3"]
[White "Truman, Richard G"]
[Black "Hawkins, J Nick"]
[Result "1/2-1/2"]
[WhiteElo "2023"]
[BlackElo "2045"]
[PlyCount "62"]
[EventDate "2004.05.29"]

1. d4 Nf6 2. c4 e6 3. Nc3 Bb4 4. e3 b6 5. Nge2 Bb7 6. a3 Be7 7. d5 d6 8. e4 O-O
9. Ng3 Re8 10. Be2 c6 11. O-O cxd5 12. cxd5 exd5 13. exd5 Nbd7 14. Bf4 Ne5 15.
Bb5 Nfd7 16. Nf5 Bf8 17. Bxe5 Rxe5 18. Qg4 Kh8 19. f4 Nf6 20. Qh3 Rxd5 21. Nxd5
Bxd5 22. Nd4 a6 23. Bd3 b5 24. Nf3 Qb6+ 25. Kh1 Qe3 26. Ng5 Qxh3 27. Nxh3 Bc4
28. Rad1 d5 29. Ng5 Kg8 30. h3 Nh5 31. Kh2 h6 1/2-1/2

[Event "4NCL/Div4/NOTT vs. MIN2"]
[Site "West Bromwich ENG"]
[Date "2004.05.29"]
[Round "7.4"]
[White "Horton, Justin"]
[Black "Thompson, Brian"]
[Result "1-0"]
[WhiteElo "2056"]
[BlackElo "1856"]
[PlyCount "63"]
[EventDate "2004.05.29"]

1. d4 Nf6 2. Nf3 g6 3. c4 Bg7 4. g3 O-O 5. Bg2 d6 6. Nc3 c6 7. O-O Nbd7 8. e4
e5 9. b3 a5 10. Re1 Re8 11. Bb2 exd4 12. Nxd4 Nc5 13. Qc2 Qc7 14. h3 Ne6 15.
Nxe6 Bxe6 16. Rad1 Rad8 17. Qd2 Qd7 18. Kh2 b5 19. cxb5 cxb5 20. e5 dxe5 21.
Qe2 Qe7 22. Nxb5 Rxd1 23. Rxd1 Rd8 24. Ba3 Ng4+ 25. hxg4 Qg5 26. Qe3 Bf6 27.
Rxd8+ Bxd8 28. Qxg5 Bxg5 29. Bd6 Bf6 30. g5 Bg7 31. Nc7 Bf5 32. Ne8 1-0

[Event "4NCL/Div4/NOTT vs. MIN2"]
[Site "West Bromwich ENG"]
[Date "2004.05.29"]
[Round "7.5"]
[White "Burke, Steven J"]
[Black "Kelly, Paul J"]
[Result "1-0"]
[WhiteElo "1824"]
[BlackElo "1744"]
[PlyCount "83"]
[EventDate "2004.05.29"]

1. e4 g6 2. d4 d6 3. Nc3 a6 4. Be3 Nd7 5. Qd2 b5 6. Bd3 Bg7 7. h4 h5 8. Nf3 c5
9. dxc5 Nxc5 10. Bd4 Nf6 11. Ng5 Ne6 12. Nxe6 Bxe6 13. Nd5 Bxd5 14. exd5 O-O
15. f3 Qd7 16. g4 hxg4 17. h5 Nxd5 18. Bxg7 Qe6+ 19. Be4 Kxg7 20. Qxd5 Qxd5 21.
Bxd5 Rac8 22. O-O-O gxh5 23. Rxh5 e6 24. Bb7 Rc5 25. Rxc5 dxc5 26. fxg4 a5 27.
Rd7 Kf6 28. Rc7 Rb8 29. g5+ Kxg5 30. Rxf7 c4 31. Be4 Rc8 32. c3 b4 33. Kc2 Rc5
34. Kd2 b3 35. axb3 cxb3 36. Ke3 a4 37. Ra7 Kf6 38. Rxa4 Rh5 39. Rb4 Rh3+ 40.
Bf3 Kf5 41. Rxb3 e5 42. Rb4 1-0

[Event "4NCL/Div4/PONTY vs. AD3"]
[Site "West Bromwich ENG"]
[Date "2004.05.29"]
[Round "7.1"]
[White "Saunders, W Nigel"]
[Black "Groombridge, Mike J"]
[Result "1/2-1/2"]
[WhiteElo "2104"]
[BlackElo "1584"]
[PlyCount "120"]
[EventDate "2004.05.29"]

1. Nf3 Nf6 2. d4 e6 3. Bg5 h6 4. Bh4 d5 5. e3 Be7 6. Nbd2 b6 7. Be2 O-O 8. Ne5
c5 9. f4 Bb7 10. O-O Nc6 11. c3 Qc7 12. Qe1 Ne8 13. Bg3 Bd6 14. Bd3 f5 15. Bh4
Be7 16. Bf2 Nf6 17. Ng6 Rf7 18. Nf3 Ne4 19. Nfe5 Nxe5 20. fxe5 Kh7 21. Nf4 Qd7
22. Qe2 g6 23. h4 Rg8 24. h5 gxh5 25. Qxh5 Rfg7 26. Bh4 Bxh4 27. Qxh4 Rg4 28.
Qh2 Rg3 29. Bxe4 dxe4 30. Rae1 R8g5 31. Rf2 Qf7 32. dxc5 bxc5 33. Rd2 Bd5 34.
b3 c4 35. b4 Qg8 36. Nh5 Rxh5 37. Qxh5 Rg5 38. Qh2 Rg3 39. Kf2 Rg4 40. Rh1 Qg6
41. g3 Qg7 42. Rd4 Rg6 43. a4 Qxe5 44. Rhd1 Qf6 45. Qh4 Qg7 46. Qh3 Qf7 47. Ke2
Rg5 48. Kd2 e5 49. Rxd5 Qxd5+ 50. Kc2 Qf7 51. Rd6 Rg6 52. Rxg6 Qxg6 53. b5 Qe6
54. Qh5 Qd7 55. Kc1 Kg7 56. a5 Qd3 57. Qxf5 Qxe3+ 58. Kc2 Qe2+ 59. Kc1 Qe1+ 60.
Kc2 Qe2+ 1/2-1/2

[Event "4NCL/Div4/PONTY vs. AD3"]
[Site "West Bromwich ENG"]
[Date "2004.05.29"]
[Round "7.2"]
[White "Graham, Louis"]
[Black "Robinson, David"]
[Result "0-1"]
[WhiteElo "1560"]
[BlackElo "2045"]
[PlyCount "86"]
[EventDate "2004.05.29"]

1. d4 c5 2. d5 Nf6 3. c4 b5 4. Nc3 d6 5. a3 bxc4 6. e4 g6 7. Bxc4 Bg7 8. f4 O-O
9. Nf3 Ba6 10. Bxa6 Nxa6 11. O-O Rb8 12. Qe2 Qb6 13. Nd2 Nc7 14. f5 Nb5 15.
fxg6 hxg6 16. Nd1 Nd4 17. Qd3 Nd7 18. Nc4 Qb3 19. Nc3 Qc2 20. Qh3 Ne5 21. Nxe5
Bxe5 22. Rf2 Qb3 23. Bh6 Bg7 24. Bxg7 Kxg7 25. Qd3 Nb5 26. Rc1 Nxc3 27. Qxc3+
Qxc3 28. Rxc3 Rb7 29. Kf1 Rfb8 30. Rcc2 Rb3 31. Rfe2 R8b7 32. Kf2 Kf6 33. h3
Ke5 34. Rcd2 Rb8 35. Rc2 Rd3 36. Re1 Rbb3 37. Rce2 g5 38. Rc2 Rd4 39. Rce2 Rbd3
40. g3 Rd2 41. Kf3 R2d3+ 42. Kf2 Rb3 43. Kg2 Rdd3 0-1

[Event "4NCL/Div4/PONTY vs. AD3"]
[Site "West Bromwich ENG"]
[Date "2004.05.29"]
[Round "7.3"]
[White "White, Ian G"]
[Black "Nixon, Peter"]
[Result "1-0"]
[WhiteElo "2018"]
[BlackElo "1296"]
[PlyCount "61"]
[EventDate "2004.05.29"]

1. e4 e5 2. Bc4 Bc5 3. Nf3 d6 4. O-O Bg4 5. d3 h6 6. c3 Nc6 7. a4 a6 8. Nbd2
Qf6 9. b4 Ba7 10. Bb2 Qg6 11. b5 Na5 12. Ba2 Bb6 13. d4 Nf6 14. dxe5 dxe5 15.
Nxe5 Bxd1 16. Nxg6 fxg6 17. Raxd1 O-O-O 18. h3 axb5 19. axb5 g5 20. e5 Nh5 21.
Ne4 Nf4 22. c4 Ne6 23. Bc3 Rxd1 24. Rxd1 Kb8 25. c5 Nxc5 26. Nxc5 Bxc5 27. Bxa5
Rf8 28. Be1 Ka7 29. Bc4 b6 30. Ra1+ Kb7 31. Bd5+ 1-0

[Event "4NCL/Div4/PONTY vs. AD3"]
[Site "West Bromwich ENG"]
[Date "2004.05.29"]
[Round "7.4"]
[White "Billings, Cy"]
[Black "Jones, Derek C"]
[Result "0-1"]
[WhiteElo "1280"]
[BlackElo "1944"]
[PlyCount "102"]
[EventDate "2004.05.29"]

1. e4 c5 2. Bb5 a6 3. Bc4 Nc6 4. Qh5 e6 5. Nc3 b5 6. Be2 Nf6 7. Qf3 Nd4 8. Qd3
Bb7 9. Nf3 b4 10. Nxd4 cxd4 11. e5 dxc3 12. exf6 Qxf6 13. dxc3 bxc3 14. bxc3
Bxg2 15. Rg1 Bc6 16. Bg5 Qe5 17. Qg3 Qxg3 18. hxg3 Be7 19. Bxe7 Kxe7 20. Rb1 a5
21. Kd2 Rhb8 22. Bd3 Rxb1 23. Rxb1 Kd6 24. Bb5 Rb8 25. c4 Kc5 26. a4 d5 27.
cxd5 exd5 28. Re1 Bxb5 29. axb5 Rb7 30. Re5 Kd6 31. f4 Rxb5 32. Re8 h5 33. Re5
g6 34. c4 Rc5 35. Re8 Rxc4 36. Rd8+ Ke6 37. Ra8 Ra4 38. Ra6+ Kf5 39. Kc2 Kg4
40. Kb3 Re4 41. Rxa5 Kxg3 42. Rxd5 Kxf4 43. Rd7 f5 44. Rg7 g5 45. Rh7 h4 46.
Kc3 h3 47. Kd2 g4 48. Kd3 Kg3 49. Rf7 h2 50. Rxf5 h1=Q 51. Rf3+ Qxf3+ 0-1

[Event "4NCL/Div4/PONTY vs. AD3"]
[Site "West Bromwich ENG"]
[Date "2004.05.29"]
[Round "7.5"]
[White "Davies, Peter L"]
[Black "Gavin, Peter"]
[Result "1-0"]
[WhiteElo "2018"]
[BlackElo "1208"]
[PlyCount "47"]
[EventDate "2004.05.29"]

1. d4 d5 2. Nf3 Nf6 3. g3 c6 4. Bg2 Bg4 5. c4 dxc4 6. Ne5 Bd7 7. b3 e6 8. bxc4
Bb4+ 9. Bd2 Bxd2+ 10. Qxd2 O-O 11. O-O Bc8 12. Nc3 Nbd7 13. Nxd7 Qxd7 14. e4 e5
15. d5 Ne8 16. Rfd1 Nf6 17. Rac1 Rd8 18. Qc2 Qe8 19. Qb3 Rb8 20. dxc6 Rxd1+ 21.
Rxd1 Qxc6 22. Rd8+ Ne8 23. Nd5 Qe6 24. Nc7 1-0

[Event "4NCL/Div4/PONTY vs. AD3"]
[Site "West Bromwich ENG"]
[Date "2004.05.29"]
[Round "7.6"]
[White "Moore, Kevin J"]
[Black "Gwynne, David"]
[Result "0-1"]
[WhiteElo "1176"]
[BlackElo "2023"]
[PlyCount "60"]
[EventDate "2004.05.29"]

1. e4 e5 2. f4 Nc6 3. Nf3 exf4 4. Bc4 d6 5. O-O Be6 6. Be2 g5 7. d4 d5 8. Nxg5
Qxg5 9. Bxf4 Qe7 10. Nc3 O-O-O 11. e5 Nh6 12. Qd2 Ng8 13. Bg5 Qb4 14. a3 Qb6
15. Bxd8 Kxd8 16. Qg5+ Nge7 17. Kh1 Qxd4 18. Qf6 Rg8 19. Rf4 Qxe5 20. Rd1 Bg7
21. Qh4 Kc8 22. Re1 Ng6 23. Qf2 Qxf4 24. Qc5 Bd4 25. Qb5 Qf2 26. Rf1 Qh4 27.
Nxd5 Be5 28. g3 Bxg3 29. Kg2 Qxh2+ 30. Kf3 Nd4+ 0-1

[Event "4NCL/Div4/BCA vs. HKF3"]
[Site "West Bromwich ENG"]
[Date "2004.05.29"]
[Round "7.1"]
[White "Mordue, A Tyson"]
[Black "Forman, Karl L"]
[Result "1-0"]
[WhiteElo "2284"]
[BlackElo "2028"]
[PlyCount "57"]
[EventDate "2004.05.29"]

1. e4 Nf6 2. e5 Nd5 3. d4 d6 4. Nf3 Nc6 5. c4 Nb6 6. e6 fxe6 7. Be3 e5 8. d5
Nb4 9. Nc3 Bf5 10. Rc1 e6 11. Ng5 exd5 12. cxd5 Be7 13. h4 O-O 14. a3 h6 15.
Ne6 Bxe6 16. dxe6 Nc6 17. Bd3 d5 18. Bxb6 axb6 19. Nxd5 Bxh4 20. O-O Qd6 21.
Be4 Rae8 22. Qh5 Bd8 23. Qg6 Qxe6 24. Qh7+ Kf7 25. f4 Re7 26. fxe5+ Ke8 27.
Bg6+ Ref7 28. Bxf7+ Rxf7 29. Qg8+ 1-0

[Event "4NCL/Div4/BCA vs. HKF3"]
[Site "West Bromwich ENG"]
[Date "2004.05.29"]
[Round "7.2"]
[White "Dupré, Paul D"]
[Black "Ross, Chris"]
[Result "1-0"]
[WhiteElo "2048"]
[BlackElo "2133"]
[PlyCount "61"]
[EventDate "2004.05.29"]

1. d4 Nf6 2. c4 g6 3. Nc3 Bg7 4. e4 d6 5. Be2 O-O 6. Nf3 e5 7. O-O Nc6 8. d5
Ne7 9. b4 a5 10. Ba3 axb4 11. Bxb4 Ne8 12. a4 f5 13. Ng5 h6 14. Ne6 Bxe6 15.
dxe6 Nc6 16. Rb1 Qe7 17. Ba3 Rb8 18. exf5 gxf5 19. c5 Qxe6 20. cxd6 cxd6 21.
Rb6 Kh8 22. Qb1 Qd7 23. Rd1 Nd4 24. Bf1 Rf6 25. Nd5 Rg6 26. a5 Qa4 27. Bb4 Ra8
28. Rxd4 exd4 29. Bb5 Rxa5 30. Bxa4 Rxa4 31. g3 1-0

[Event "4NCL/Div4/BCA vs. HKF3"]
[Site "West Bromwich ENG"]
[Date "2004.05.29"]
[Round "7.3"]
[White "Chambers, Colin"]
[Black "Bullock, Andrew"]
[Result "1/2-1/2"]
[WhiteElo "1856"]
[BlackElo "1672"]
[PlyCount "99"]
[EventDate "2004.05.29"]

1. d4 Nf6 2. Nf3 g6 3. g3 Bg7 4. Bg2 d5 5. O-O Nc6 6. Nbd2 Bf5 7. c3 Ne4 8.
Nxe4 Bxe4 9. Nd2 Bxg2 10. Kxg2 O-O 11. Nf3 e5 12. dxe5 Nxe5 13. Nxe5 Bxe5 14.
Be3 c6 15. Bd4 Re8 16. Bxe5 Rxe5 17. e3 Qe7 18. Qc2 Re8 19. Rad1 Qe6 20. Rd4
Rh5 21. h4 c5 22. Rd2 g5 23. Qd1 g4 24. Qc2 Re5 25. Rfd1 Qf6 26. Qd3 Qf3+ 27.
Kg1 a6 28. Qf1 b5 29. Qg2 Rd8 30. Qxf3 gxf3 31. Kh2 f5 32. Kg1 h5 33. Kf1 Kf7
34. b3 Ke6 35. Rd3 c4 36. bxc4 bxc4 37. R3d2 Rb8 38. Ke1 Kd6 39. Rc1 Re7 40.
Rcd1 Rb5 41. Rc2 Reb7 42. Rdc1 Ke5 43. Rd2 Rb2 44. Kd1 Rxd2+ 45. Kxd2 Ke4 46.
Kc2 a5 47. Rd1 a4 48. Rd4+ Ke5 49. Rd1 Ke4 50. Rd4+ 1/2-1/2

[Event "4NCL/Div4/BCA vs. HKF3"]
[Site "West Bromwich ENG"]
[Date "2004.05.29"]
[Round "7.4"]
[White "David, Murray J"]
[Black "Armstrong, William G"]
[Result "0-1"]
[WhiteElo "1576"]
[BlackElo "1720"]
[PlyCount "62"]
[EventDate "2004.05.29"]

1. e4 c5 2. Nc3 Nc6 3. g3 g6 4. Bg2 Bg7 5. d3 d6 6. f4 Nf6 7. Nf3 O-O 8. O-O a6
9. h3 Bd7 10. g4 Qb6 11. Rb1 e6 12. Be3 Qc7 13. a3 Rab8 14. Qe1 b5 15. e5 dxe5
16. Bxc5 Rfc8 17. fxe5 Nxe5 18. d4 Nxf3+ 19. Bxf3 Bc6 20. Qf2 Bxf3 21. Qxf3 e5
22. g5 exd4 23. gxf6 dxc3 24. Bd4 Bf8 25. Bxc3 Bxa3 26. Rfe1 Bc5+ 27. Kf1 Qh2
28. Be5 Qg1+ 29. Ke2 Qg5 30. Bxb8 Re8+ 31. Kd3 Rd8+ 0-1

[Event "4NCL/Div4/BCA vs. HKF3"]
[Site "West Bromwich ENG"]
[Date "2004.05.29"]
[Round "7.5"]
[White "Murphy, Richard L"]
[Black "Parmar, Amisha"]
[Result "0-1"]
[WhiteElo "1376"]
[BlackElo "1384"]
[PlyCount "112"]
[EventDate "2004.05.29"]

1. e4 c5 2. Nf3 d6 3. d4 cxd4 4. Nxd4 Nf6 5. Nc3 g6 6. Be2 Bg7 7. Be3 O-O 8.
O-O Nc6 9. Nb3 Be6 10. f4 a6 11. Bf3 Qc8 12. Qe1 Nb4 13. Qf2 Ng4 14. Bxg4 Bxg4
15. a3 Nc6 16. Nd2 Be6 17. Rab1 b5 18. f5 Bd7 19. Nd5 Qd8 20. f6 exf6 21. Nxf6+
Qxf6 22. Qxf6 Bxf6 23. Rxf6 Be6 24. Bh6 Rfd8 25. Nf3 Ne5 26. Nxe5 dxe5 27. Kf2
Rd4 28. Ke3 Rad8 29. Rbf1 b4 30. axb4 Rxb4 31. b3 Rc8 32. Rd1 Rd4 33. Rxd4
exd4+ 34. Kd3 Rc3+ 35. Kd2 Rc5 36. Rf1 Rh5 37. Bf4 f5 38. Be5 fxe4 39. Bxd4
Rxh2 40. Ke3 Rxg2 41. Rc1 h5 42. Kxe4 Rxc2 43. Ra1 Bxb3 44. Rxa6 Re2+ 45. Kf3
Re6 46. Ra8+ Kf7 47. Ra7+ Re7 48. Ra5 Be6 49. Kg3 Rd7 50. Bb2 Rd3+ 51. Kf4 h4
52. Ra8 Rb3 53. Ra7+ Ke8 54. Bf6 Rb4+ 55. Kf3 Bd5+ 56. Kf2 Rf4+ 0-1

[Event "4NCL/Div4/BCA vs. HKF3"]
[Site "West Bromwich ENG"]
[Date "2004.05.29"]
[Round "7.6"]
[White "Parmar, Jyoti"]
[Black "Williams, Robin"]
[Result "0-1"]
[WhiteElo "928"]
[BlackElo "1160"]
[PlyCount "44"]
[EventDate "2004.05.29"]

1. e4 c5 2. Nf3 e6 3. d4 cxd4 4. Nxd4 a6 5. Nc3 b5 6. a3 Bb7 7. Bd3 Qc7 8. O-O
Nf6 9. Re1 d6 10. f4 Nbd7 11. Nf3 e5 12. Bd2 Be7 13. Nb1 O-O 14. fxe5 dxe5 15.
Bg5 Rac8 16. Nc3 Rfe8 17. Bf1 Nb6 18. Qe2 Nfd7 19. Rad1 Bxg5 20. Nxg5 h6 21.
Nf3 Rcd8 22. Rd2 Nf6 0-1

[Event "4NCL/Div4/SLO3 vs. CAMB"]
[Site "West Bromwich ENG"]
[Date "2004.05.30"]
[Round "8.1"]
[White "Naylor, John"]
[Black "Mah, Karl C C"]
[Result "1/2-1/2"]
[WhiteElo "2231"]
[BlackElo "2424"]
[PlyCount "44"]
[EventDate "2004.05.30"]

1. e4 c5 2. Nc3 Nc6 3. Nf3 e6 4. d4 cxd4 5. Nxd4 a6 6. Be2 Qc7 7. O-O Nf6 8.
Be3 d6 9. f4 Be7 10. Qe1 O-O 11. Qg3 Bd7 12. Rae1 Rfe8 13. Kh1 Bf8 14. Nxc6
Bxc6 15. Bd4 Nxe4 16. Qh3 e5 17. Bd3 exd4 18. Nxe4 Bxe4 19. Bxe4 g6 20. f5 Re5
21. fxg6 hxg6 22. Qg3 Bg7 1/2-1/2

[Event "4NCL/Div4/SLO3 vs. CAMB"]
[Site "West Bromwich ENG"]
[Date "2004.05.30"]
[Round "8.2"]
[White "Alfred, Nathan S W"]
[Black "Lutton, J Ezra"]
[Result "1-0"]
[WhiteElo "2356"]
[BlackElo "2138"]
[PlyCount "85"]
[EventDate "2004.05.30"]

1. d4 g6 2. Nf3 Nf6 3. c4 d6 4. Nc3 Bg7 5. e4 O-O 6. Be2 Nc6 7. O-O e5 8. d5
Ne7 9. Bg5 h6 10. Bxf6 Bxf6 11. Qd2 Bg7 12. b4 f5 13. c5 f4 14. Ne1 a6 15. a4
Qe8 16. a5 g5 17. f3 h5 18. cxd6 cxd6 19. Na4 Bd7 20. Nb6 Rb8 21. Rc1 Nc8 22.
Nxd7 Qxd7 23. Nd3 Bf6 24. Rc2 Na7 25. Nb2 Rfc8 26. Nc4 Bd8 27. Rfc1 Nb5 28. Bf1
Kf8 29. Kh1 Nd4 30. Rc3 Ke7 31. g3 Nb5 32. R3c2 Nd4 33. Rc3 Nb5 34. Nb6 Bxb6
35. Bxb5 Qxb5 36. axb6 Rxc3 37. Qxc3 Rd8 38. gxf4 Qe2 39. fxe5 Rc8 40. exd6+
Kf7 41. Re1 Qxh2+ 42. Kxh2 Rxc3 43. e5 1-0

[Event "4NCL/Div4/SLO3 vs. CAMB"]
[Site "West Bromwich ENG"]
[Date "2004.05.30"]
[Round "8.3"]
[White "Gough, Michael J"]
[Black "Moskovic, David M"]
[Result "1/2-1/2"]
[WhiteElo "2153"]
[BlackElo "2274"]
[PlyCount "83"]
[EventDate "2004.05.30"]

1. d4 Nf6 2. c4 g6 3. Nc3 Bg7 4. e4 d6 5. f4 O-O 6. Nf3 Na6 7. Be2 e5 8. fxe5
dxe5 9. d5 c6 10. O-O Qb6+ 11. Kh1 Ne8 12. Rb1 cxd5 13. cxd5 Bd7 14. Nd2 Rc8
15. Nc4 Qc7 16. Be3 Qb8 17. a4 f6 18. Nb5 b6 19. b4 Rf7 20. Qb3 Bf8 21. Nxa7
Qxa7 22. Nxb6 Rb8 23. Nxd7 Qxd7 24. Bxa6 Rxb4 25. Qc2 Qxa4 26. Qxa4 Rxa4 27.
Bb5 Rxe4 28. Bxe8 Re7 29. Rb8 Rxe3 30. d6 Rxe8 31. Rxe8 Rd3 32. Re6 Bxd6 33.
Rexf6 e4 34. Re6 e3 35. g3 Bc5 36. Kg2 Rd2+ 37. Kh3 Kg7 38. Rc1 Rd5 39. Kg4 Rf5
40. Re4 h5+ 41. Kh3 Kf6 42. Rxc5 1/2-1/2

[Event "4NCL/Div4/SLO3 vs. CAMB"]
[Site "West Bromwich ENG"]
[Date "2004.05.30"]
[Round "8.4"]
[White "Mutton, Jonathan B"]
[Black "Payne, Oliver R"]
[Result "0-1"]
[WhiteElo "2186"]
[BlackElo "2033"]
[PlyCount "68"]
[EventDate "2004.05.30"]

1. e4 e6 2. Qe2 c5 3. Nf3 Nc6 4. g3 b6 5. Bg2 Bb7 6. O-O Nge7 7. d3 d5 8. e5
Nf5 9. c3 Be7 10. Nbd2 h5 11. h4 g5 12. hxg5 Bxg5 13. Nxg5 Qxg5 14. Ne4 Qg6 15.
Nf6+ Kd8 16. Bf4 h4 17. g4 h3 18. Bh1 Nce7 19. Kh2 Nh6 20. Bxh6 Qxh6 21. f4 Kc7
22. Qf3 Ng6 23. Nh5 Rag8 24. Rae1 Ne7 25. Nf6 Rb8 26. Qg3 Ba6 27. Rf3 Ng6 28.
Nh5 Rbg8 29. Qxh3 Bxd3 30. Rxd3 Nxf4 31. Qh4 Nxd3 32. Qe7+ Kc8 33. Bf3 Qf4+ 34.
Kg2 Nxe1+ 0-1

[Event "4NCL/Div4/SLO3 vs. CAMB"]
[Site "West Bromwich ENG"]
[Date "2004.05.30"]
[Round "8.5"]
[White "McGowan, Daniel"]
[Black "Churm, Rohan M"]
[Result "0-1"]
[WhiteElo "2072"]
[BlackElo "2172"]
[PlyCount "54"]
[EventDate "2004.05.30"]

1. e4 e6 2. d4 d5 3. Nd2 c5 4. exd5 exd5 5. Bb5+ Nc6 6. Ngf3 Bd6 7. O-O Nge7 8.
dxc5 Bxc5 9. Nb3 Bd6 10. Nbd4 O-O 11. Nxc6 bxc6 12. Bd3 h6 13. c4 Nf5 14. Qc2
Nh4 15. Nd4 Qf6 16. Be3 c5 17. Nb5 Nxg2 18. Nxd6 Nxe3 19. fxe3 Qxd6 20. cxd5
Qxd5 21. Be4 Qg5+ 22. Kh1 Rb8 23. Qc3 Re8 24. Qc4 Be6 25. Qc3 Bd5 26. Bxd5
Qxd5+ 27. Kg1 Rb6 0-1